| 000 | 01261nam a22002777a 4500 | ||
|---|---|---|---|
| 999 |
_c63362 _d63362 |
||
| 005 | 20240530110636.0 | ||
| 008 | 170925s2014 ts a g b 000 0 ara d | ||
| 020 | _a9789948148395 | ||
| 040 |
_aEG-CaGPL _cEG-CaGPL |
||
| 082 | 0 | 4 |
_221 _a300 / _bر ق |
| 245 | 0 | 0 |
_aقياس الهوية : _bدليل للمتخصصين فى العلوم الاجتماعية / _cتحرير راوى عبدالعال ، يوشيكو هيريرا ، الاستير ايان جونستون |
| 250 | _aط. 1 | ||
| 260 |
_aابوظبى : _bمركز الامارات للدراسات و البحوث الاستراتيجية ، _c2014. |
||
| 300 |
_a585 ص. : _bجداول ؛ _c24 سم. |
||
| 490 | 0 |
_aدراسات مترجمة ؛ _v65 |
|
| 504 | _aيشتمل على ارجاعات ببليوجرافية | ||
| 650 | 0 | 7 |
_2qrmak _aالعلوم الاجتماعية |
| 650 | 0 | 7 |
_2qrmak _aالتغير الاجتماعى |
| 650 | 0 | 7 |
_2qrmak _aالخدمة الاجتماعية |
| 650 | 0 | 7 |
_2qrmak _aالدراسات الاجتماعية |
| 700 | 0 |
_aراوى عبدالعال _eمحرر |
|
| 700 | 1 |
_aهيريرا، يوشيكو _eمحرر مساعد |
|
| 700 | 1 |
_aجونستون، الاستير ايان _eمحرر مساعد |
|
| 942 |
_2ddc _cBK |
||